Premier league teams 16/17 - Statistics

General Stats
  • This quiz has been taken 39 times
    22 since last reset
  • The average score is 17 of 20
Answer Stats
Answer % Correct
Arsenal
100%
Chelsea
95%
Liverpool
95%
Manchester city
95%
Manchester United
95%
Tottenham
95%
West ham
95%
Burnley
89%
Everton
89%
Watford
89%
Crystal Palace
84%
Stoke
84%
Swansea
84%
Bournemouth
79%
Hull
79%
Leicester
79%
Southampton
79%
Sunderland
79%
West brom
79%
Middlesbrough
74%
No matching quizzes found
Score Distribution
Percent of People with Each Score
Percentile by Number Answered
Your Score History
You have not taken this quiz since the last reset